[Event "Tradewise Gibraltar Masters 16th"]
[Site "Gibraltar"]
[Date "2018.01.31"]
[Round "9.112"]
[White "Baert, Andy"]
[Black "Roman Lopez, Jesus"]
[Result "0-1"]
[WhiteElo "2164"]
[BlackElo "2008"]
[PlyCount "168"]
[EventDate "2018.01.23"]
[EventType "swiss"]
[EventRounds "10"]
[EventCountry "GGB"]
[SourceTitle "BritBase"]
[Source "www.saund.co.uk"]
[SourceDate "2018.02.10"]
[SourceVersion "1"]
[SourceVersionDate "2018.02.10"]
[SourceQuality "1"]

1. g3 c5 2. Bg2 Nc6 3. c4 Nf6 4. Nc3 e5 5. e3 d6 6. Nge2 Be6 7. Nd5 Bxd5 8.
cxd5 Nb4 9. Qb3 a5 10. a3 Na6 11. Qxb7 Be7 12. Qc6+ Kf8 13. O-O Nc7 14. Nc3 h5
15. Qa4 h4 16. d4 Ra6 17. dxe5 dxe5 18. Rd1 hxg3 19. hxg3 Qc8 20. Qc4 Qf5 21.
e4 Qh5 22. Be3 Nd7 23. Na4 Rf6 24. Nxc5 Nb6 25. Nd7+ Nxd7 26. Qxc7 Ke8 27. Qc8+
Bd8 28. Rac1 Qh2+ 29. Kf1 Qxg3 30. Rc7 Qg4 31. Qxd7+ Qxd7 32. Rxd7 Kxd7 33. b4
axb4 34. axb4 Bc7 35. Ra1 Rb8 36. Bc5 Bb6 37. Bh3+ Kc7 38. Ra2 Rf4 39. d6+ Kb7
40. Rd2 Bxc5 41. bxc5 Kc6 42. d7 Kc7 43. Ra2 Rd8 44. Ra6 Rf6 45. Ra7+ Kc6 46.
Ke2 Rh6 47. Bg4 Rh4 48. f3 Rhh8 49. Ra6+ Kb7 50. Rb6+ Kc7 51. Kd3 Rh1 52. Kc4
Rd1 53. Ra6 Rd4+ 54. Kb5 Rb8+ 55. Rb6 Rb7 56. Ka6 Ra4+ 57. Kb5 Rd4 58. Ka6 Ra4+
59. Kb5 Ra8 60. Bf5 Rab8 61. Rxb7+ Kxb7 62. c6+ Kc7+ 63. Kc5 Ra8 64. Kd5 Ra5+
65. Kc4 g6 66. Bg4 Kd8 67. Kb4 Ra1 68. Kc4 Rd1 69. Kb5 Rc1 70. Bh3 Rc3 71. Bg4
Rb3+ 72. Kc5 Kc7 73. d8=Q+ Kxd8 74. Kd6 Rc3 75. Bd7 Rd3+ 76. Kxe5 Rxf3 77. Bg4
Rf2 78. Kd6 Rf6+ 79. Kd5 Kc7 80. Bd7 Rd6+ 81. Ke5 f6+ 82. Kf4 Rxd7 83. cxd7
Kxd7 84. e5 f5 0-1

[Event "Tradewise Gibraltar Masters 16th"]
[Site "Gibraltar"]
[Date "2018.01.31"]
[Round "9.113"]
[White "Verneuil, Pascal"]
[Black "Avila Fraire, Ameyalli"]
[Result "1/2-1/2"]
[WhiteElo "2159"]
[BlackElo "2014"]
[PlyCount "98"]
[EventDate "2018.01.23"]
[EventType "swiss"]
[EventRounds "10"]
[EventCountry "GGB"]
[SourceTitle "BritBase"]
[Source "www.saund.co.uk"]
[SourceDate "2018.02.10"]
[SourceVersion "1"]
[SourceVersionDate "2018.02.10"]
[SourceQuality "1"]

1. e4 c5 2. Nc3 a6 3. g3 Nc6 4. Bg2 Nf6 5. Nge2 d6 6. d4 cxd4 7. Nxd4 Bd7 8.
Nb3 g6 9. Bg5 Bg7 10. Qd2 O-O 11. Bh6 Ne5 12. Bxg7 Kxg7 13. O-O-O Nc4 14. Qd4
Rc8 15. f4 Qb6 16. h3 Qxd4 17. Rxd4 e5 18. Rd3 Bc6 19. Nd2 Nxd2 20. Kxd2 exf4
21. gxf4 Rfe8 22. Rd4 Nh5 23. Rf1 f5 24. Rf2 Ng3 25. exf5 Nxf5 26. Bxc6 Nxd4
27. Bxe8 Rxe8 28. Kd3 Nf5 29. Nd5 Re1 30. Kd2 Rh1 31. Rf3 Rh2+ 32. Kd1 h5 33.
Rc3 h4 34. Rc7+ Kf8 35. Ke1 Rxh3 36. Rxb7 Rg3 37. Kf2 h3 38. Rh7 Rg2+ 39. Kf3
Rxc2 40. Rxh3 Rxb2 41. Nc3 d5 42. Nxd5 Rxa2 43. Rh7 a5 44. Ke4 Re2+ 45. Kd3 Re1
46. Ra7 Rd1+ 47. Ke4 Re1+ 48. Kd3 Rd1+ 49. Ke4 Re1+ 1/2-1/2

[Event "Tradewise Gibraltar Masters 16th"]
[Site "Gibraltar"]
[Date "2018.01.31"]
[Round "9.114"]
[White "Pein, Jonathan"]
[Black "Vilarnovo Caamano, Jose"]
[Result "1-0"]
[WhiteElo "2153"]
[BlackElo "1981"]
[PlyCount "81"]
[EventDate "2018.01.23"]
[EventType "swiss"]
[EventRounds "10"]
[EventCountry "GGB"]
[SourceTitle "BritBase"]
[Source "www.saund.co.uk"]
[SourceDate "2018.02.10"]
[SourceVersion "1"]
[SourceVersionDate "2018.02.10"]
[SourceQuality "1"]

1. d4 e6 2. e4 b6 3. Nf3 Bb7 4. Bd3 d5 5. e5 Nc6 6. c3 Qd7 7. Qe2 f5 8. exf6
gxf6 9. Bf5 Nd8 10. O-O Ne7 11. Bh3 Bg7 12. Re1 Bc8 13. Nbd2 O-O 14. Nf1 Ng6
15. Ng3 Qf7 16. b4 e5 17. Bxc8 Rxc8 18. b5 Ne7 19. dxe5 fxe5 20. Nxe5 Bxe5 21.
Qxe5 Qxf2+ 22. Kh1 Nf5 23. Bf4 Nxg3+ 24. hxg3 Nf7 25. Qxd5 Rcd8 26. Qc4 Rfe8
27. Rf1 Qe2 28. Qxc7 Qxb5 29. Rae1 Re2 30. Be5 Rf8 31. Bd4 Rxa2 32. Rf4 Qh5+
33. Rh4 Qg6 34. Ree4 Ra5 35. Be3 Rh5 36. Rxh5 Qxh5+ 37. Rh4 Qf5 38. Qc4 Re8 39.
Bh6 Kh8 40. Qd4+ Qe5 41. Re4 1-0

[Event "Tradewise Gibraltar Masters 16th"]
[Site "Gibraltar"]
[Date "2018.01.31"]
[Round "9.115"]
[White "Barraza Caracuel, Ignacio"]
[Black "Kozarcanin, Sead"]
[Result "1-0"]
[WhiteElo "2185"]
[BlackElo "2048"]
[PlyCount "99"]
[EventDate "2018.01.23"]
[EventType "swiss"]
[EventRounds "10"]
[EventCountry "GGB"]
[SourceTitle "BritBase"]
[Source "www.saund.co.uk"]
[SourceDate "2018.02.10"]
[SourceVersion "1"]
[SourceVersionDate "2018.02.10"]
[SourceQuality "1"]

1. d4 d5 2. Nf3 c6 3. g3 Nf6 4. Bg2 g6 5. O-O Bg7 6. c4 O-O 7. Nbd2 a5 8. b3
Ne4 9. Bb2 Nd7 10. Nxe4 dxe4 11. Ng5 e3 12. fxe3 e5 13. Ne4 Qe7 14. a4 exd4 15.
exd4 c5 16. Qd2 cxd4 17. Ba3 Qe5 18. Bd6 Qh5 19. Bxf8 Kxf8 20. Qg5 Qxg5 21.
Nxg5 Ne5 22. Nxf7 Ke7 23. Nxe5 Bxe5 24. Bd5 Bf5 25. Ra2 Ra6 26. Rf3 Rb6 27. Kg2
Kd6 28. h3 h5 29. Rd2 Kc5 30. e4 dxe3 31. Rxe3 Bd4 32. Rf3 Bb1 33. Re2 Kb4 34.
Re1 Bc2 35. Rf7 Bxb3 36. Rxb7 Kxa4 37. Rxb6 Bxb6 38. Re6 Bd4 39. Rxg6 Ka3 40.
Rg5 h4 41. gxh4 Kb4 42. Rg8 a4 43. Rb8+ Kc3 44. h5 Bc2 45. Ra8 Kb2 46. h6 a3
47. Rb8+ Kc1 48. c5 Bxc5 49. Rc8 Bd4 50. h7 1-0

[Event "Tradewise Gibraltar Masters 16th"]
[Site "Gibraltar"]
[Date "2018.01.31"]
[Round "9.116"]
[White "Bryant, Richard B E"]
[Black "Weisbuch, Udi"]
[Result "0-1"]
[WhiteElo "2016"]
[BlackElo "2177"]
[PlyCount "64"]
[EventDate "2018.01.23"]
[EventType "swiss"]
[EventRounds "10"]
[EventCountry "GGB"]
[SourceTitle "BritBase"]
[Source "www.saund.co.uk"]
[SourceDate "2018.02.10"]
[SourceVersion "1"]
[SourceVersionDate "2018.02.10"]
[SourceQuality "1"]

1. e4 e6 2. Nc3 d5 3. d4 Nf6 4. e5 Nfd7 5. f4 c5 6. Nf3 Nc6 7. Be3 Be7 8. Qd2
O-O 9. g3 f6 10. exf6 Bxf6 11. O-O-O Qa5 12. Kb1 c4 13. Bh3 Re8 14. Ne5 Nf8 15.
Nxc6 bxc6 16. Bg2 Qa6 17. f5 exf5 18. Nxd5 cxd5 19. Bxd5+ Be6 20. Bxa8 Rxa8 21.
Bf4 Bd5 22. Rhf1 Rd8 23. Be5 Bxe5 24. dxe5 c3 25. Qxc3 Qxa2+ 26. Kc1 Qa1+ 27.
Kd2 Bf7+ 28. Ke2 Bh5+ 29. Ke3 Rxd1 30. Rxf5 Qc1+ 31. Ke4 Bg6 32. Qc4+ Kh8 0-1

[Event "Tradewise Gibraltar Masters 16th"]
[Site "Gibraltar"]
[Date "2018.01.31"]
[Round "9.117"]
[White "Herzwurm, Robert"]
[Black "Gagare, Shalmali"]
[Result "1/2-1/2"]
[WhiteElo "2123"]
[BlackElo "2001"]
[PlyCount "61"]
[EventDate "2018.01.23"]
[EventType "swiss"]
[EventRounds "10"]
[EventCountry "GGB"]
[SourceTitle "BritBase"]
[Source "www.saund.co.uk"]
[SourceDate "2018.02.10"]
[SourceVersion "1"]
[SourceVersionDate "2018.02.10"]
[SourceQuality "1"]

1. e4 e6 2. d4 d5 3. e5 c5 4. c3 Nc6 5. Nf3 Bd7 6. a3 Nge7 7. b4 cxd4 8. cxd4
Nf5 9. Bb2 b5 10. Nc3 a5 11. Bxb5 axb4 12. axb4 Bxb4 13. O-O O-O 14. Bxc6 Bxc6
15. Qd3 Nh4 16. Nxh4 Qxh4 17. Rfc1 Bxc3 18. Qxc3 Rxa1 19. Rxa1 Bb5 20. Ba3 Re8
21. Qb2 Bc4 22. Bd6 Qd8 23. Qb7 Qc8 24. Qxc8 Rxc8 25. Rb1 Bd3 26. Rb8 Rxb8 27.
Bxb8 Kf8 28. f4 h5 29. g3 g6 30. Kf2 Be4 31. Bd6+ 1/2-1/2

[Event "Tradewise Gibraltar Masters 16th"]
[Site "Gibraltar"]
[Date "2018.01.31"]
[Round "9.118"]
[White "Sanjuan Garcia, Miguel"]
[Black "Wilson, Matthew R"]
[Result "1-0"]
[WhiteElo "2019"]
[BlackElo "1782"]
[PlyCount "99"]
[EventDate "2018.01.23"]
[EventType "swiss"]
[EventRounds "10"]
[EventCountry "GGB"]
[SourceTitle "BritBase"]
[Source "www.saund.co.uk"]
[SourceDate "2018.02.10"]
[SourceVersion "1"]
[SourceVersionDate "2018.02.10"]
[SourceQuality "1"]

1. e4 c5 2. Nf3 e6 3. d4 cxd4 4. Nxd4 a6 5. Bd3 Qc7 6. O-O Nf6 7. Kh1 d6 8. f4
Nbd7 9. Qe2 Be7 10. c4 b6 11. b3 Bb7 12. Bb2 Nc5 13. Nc3 Nxd3 14. Qxd3 O-O 15.
f5 e5 16. Nc2 Bc6 17. Ne3 Qb7 18. Ned5 Bxd5 19. Nxd5 Nxd5 20. cxd5 b5 21. Rac1
Rfc8 22. Rxc8+ Rxc8 23. Rc1 Rxc1+ 24. Bxc1 Qc7 25. Bd2 h6 26. Qc3 Bd8 27. Qxc7
Bxc7 28. Kg1 Bb6+ 29. Kf1 Kf8 30. Ke2 Ke7 31. Kd3 Bc5 32. Ba5 f6 33. Ke2 Kd7
34. Kf3 Ke7 35. Kg4 Ba7 36. Kh5 Bb8 37. Kg6 Kf8 38. b4 Kg8 39. Bb6 Kf8 40. h4
Kg8 41. Bd8 Kf8 42. h5 Kg8 43. Bxf6 gxf6 44. Kxf6 Kf8 45. Ke6 Bc7 46. Kd7 Bb8
47. Kc8 Ba7 48. Kb7 Bc5 49. bxc5 dxc5 50. d6 1-0

[Event "Tradewise Gibraltar Masters 16th"]
[Site "Gibraltar"]
[Date "2018.01.31"]
[Round "9.119"]
[White "Sajjadi, Kimiya"]
[Black "Stewart, Ashley"]
[Result "1/2-1/2"]
[WhiteElo "1911"]
[BlackElo "2120"]
[PlyCount "150"]
[EventDate "2018.01.23"]
[EventType "swiss"]
[EventRounds "10"]
[EventCountry "GGB"]
[SourceTitle "BritBase"]
[Source "www.saund.co.uk"]
[SourceDate "2018.02.10"]
[SourceVersion "1"]
[SourceVersionDate "2018.02.10"]
[SourceQuality "1"]

1. d4 Nf6 2. c4 g6 3. Nc3 Bg7 4. e4 d6 5. Be2 O-O 6. f4 c5 7. Nf3 cxd4 8. Nxd4
Nc6 9. Be3 Bg4 10. Nxc6 Bxe2 11. Nxd8 Bxd1 12. Rxd1 Rfxd8 13. Ke2 Rac8 14. b3
a6 15. a4 Kh8 16. Rd3 Nd7 17. Rhd1 Bxc3 18. Rxc3 Kg8 19. Rcd3 f6 20. Rd5 Rc6
21. Bf2 b6 22. R5d3 Kf7 23. Ra1 Rb8 24. Rh3 Kg7 25. Bd4 Rb7 26. Re3 e5 27. fxe5
dxe5 28. Bc3 Nc5 29. Bb4 Ne6 30. Bc3 Rd7 31. g3 a5 32. Rd1 Rxd1 33. Kxd1 Rd6+
34. Kc2 Kf7 35. Bb2 Rd7 36. Bc3 Nc5 37. g4 Ke6 38. Bb2 h6 39. Bc3 Rh7 40. h4 h5
41. gxh5 Rxh5 42. Be1 g5 43. hxg5 Rxg5 44. b4 Rg2+ 45. Kc1 axb4 46. Bxb4 Ra2
47. a5 Ra4 48. Bxc5 bxc5 49. Kb2 Rxa5 50. Rb3 Ra4 51. Kc3 Ra1 52. Rb5 Rc1+ 53.
Kd3 Rd1+ 54. Kc3 Kd6 55. Rb6+ Kd7 56. Rb7+ Kc6 57. Rf7 Rf1 58. Rf8 Kd7 59. Rf7+
Ke6 60. Rc7 Re1 61. Kd3 Rd1+ 62. Ke3 Kd6 63. Rf7 Rd4 64. Rxf6+ Kd7 65. Rf5 Ke6
66. Rh5 Rxc4 67. Rh6+ Kf7 68. Rh5 Kf6 69. Rh6+ Kf7 70. Rh5 Kf6 71. Rh6+ Kg5 72.
Re6 Rc3+ 73. Kd2 Rc4 74. Ke3 Rc3+ 75. Kd2 Rc4 1/2-1/2

[Event "Tradewise Gibraltar Masters 16th"]
[Site "Gibraltar"]
[Date "2018.01.31"]
[Round "9.120"]
[White "Osuna Vega, Enrique"]
[Black "Biegel, Thomas"]
[Result "1/2-1/2"]
[WhiteElo "2102"]
[BlackElo "1984"]
[PlyCount "151"]
[EventDate "2018.01.23"]
[EventType "swiss"]
[EventRounds "10"]
[EventCountry "GGB"]
[SourceTitle "BritBase"]
[Source "www.saund.co.uk"]
[SourceDate "2018.02.10"]
[SourceVersion "1"]
[SourceVersionDate "2018.02.10"]
[SourceQuality "1"]

1. e4 e6 2. d4 d5 3. Nd2 Nc6 4. Ngf3 Nf6 5. e5 Nd7 6. c4 dxc4 7. Nxc4 Nb6 8. a3
Be7 9. Nxb6 axb6 10. Be3 O-O 11. Bc4 Na5 12. Ba2 Bd7 13. b4 Nc6 14. Bc1 f6 15.
d5 Nxe5 16. Nxe5 fxe5 17. O-O Ba4 18. Qd3 exd5 19. Bb2 c6 20. Bxe5 Bf6 21. Bb1
g6 22. Re1 Bxe5 23. Rxe5 Re8 24. Rxe8+ Qxe8 25. Bc2 Qe5 26. Rd1 Bxc2 27. Qxc2
Rxa3 28. h4 Ra1 29. g3 Qe4 30. Qd2 Rxd1+ 31. Qxd1 Qxb4 32. h5 Kg7 33. Qc1 Qe4
34. h6+ Kf7 35. Qa1 d4 36. Qa2+ Qe6 37. Qa7 Qd7 38. Qa2+ Ke7 39. Qg8 Kd6 40.
Qg7 c5 41. Qf6+ Kc7 42. Qe5+ Kc6 43. Qe4+ Kd6 44. Qf4+ Kd5 45. Qf8 d3 46. Qg7
Kc6 47. Kf1 d2 48. Qf6+ Qd6 49. Qf3+ Qd5 50. Qf6+ Kc7 51. Qe7+ Qd7 52. Qe5+ Kd8
53. Qb8+ Ke7 54. Qe5+ Kf7 55. Qf4+ Ke7 56. Qe5+ Kf7 57. Qf4+ Ke6 58. Qe3+ Kd5
59. Qxd2+ Kc6 60. Qf4 Qd1+ 61. Kg2 Qd5+ 62. Kg1 b5 63. Qf6+ Kc7 64. Qe7+ Qd7
65. Qxc5+ Qc6 66. Qe7+ Qd7 67. Qc5+ Qc6 68. Qe5+ Kb6 69. Qd4+ Qc5 70. Qf6+ Qc6
71. Qg7 Qc7 72. Qd4+ Qc5 73. Qd8+ Qc7 74. Qf8 Qc1+ 75. Kg2 Qc6+ 76. Kg1 1/2-1/2

[Event "Tradewise Gibraltar Masters 16th"]
[Site "Gibraltar"]
[Date "2018.01.31"]
[Round "9.121"]
[White "Compton, Alistair"]
[Black "Cramling Bellon, Anna"]
[Result "1/2-1/2"]
[WhiteElo "2082"]
[BlackElo "1978"]
[PlyCount "61"]
[EventDate "2018.01.23"]
[EventType "swiss"]
[EventRounds "10"]
[EventCountry "GGB"]
[SourceTitle "BritBase"]
[Source "www.saund.co.uk"]
[SourceDate "2018.02.10"]
[SourceVersion "1"]
[SourceVersionDate "2018.02.10"]
[SourceQuality "1"]

1. e4 c5 2. c3 d5 3. exd5 Qxd5 4. d4 Nc6 5. Nf3 Bf5 6. Be3 cxd4 7. Nxd4 Nxd4 8.
cxd4 Bxb1 9. Qa4+ Kd8 10. Rxb1 e6 11. Rc1 Bd6 12. f3 Nf6 13. Bc4 Qh5 14. Qb3
Qa5+ 15. Bd2 Qb6 16. Qxb6+ axb6 17. O-O Nd5 18. Bxd5 exd5 19. a3 Ra4 20. Rfe1
Kd7 21. Bc3 Rc8 22. Red1 b5 23. Kf2 b4 24. axb4 Bxb4 25. Ke3 Bxc3 26. bxc3 Ra3
27. Kd2 b5 28. Rc2 Rc4 29. Rb1 Kc6 30. Rb4 Ra4 31. Rcb2 1/2-1/2

[Event "Tradewise Gibraltar Masters 16th"]
[Site "Gibraltar"]
[Date "2018.01.31"]
[Round "9.122"]
[White "Obiamiwe, Paul"]
[Black "Dasaolu, Rotimi"]
[Result "1-0"]
[WhiteElo "1891"]
[BlackElo "2064"]
[PlyCount "55"]
[EventDate "2018.01.23"]
[EventType "swiss"]
[EventRounds "10"]
[EventCountry "GGB"]
[SourceTitle "BritBase"]
[Source "www.saund.co.uk"]
[SourceDate "2018.02.10"]
[SourceVersion "1"]
[SourceVersionDate "2018.02.10"]
[SourceQuality "1"]

1. Nf3 c5 2. c4 b6 3. g3 Bb7 4. Bg2 g6 5. O-O Bg7 6. Nc3 Nh6 7. d3 O-O 8. Bg5
f6 9. Bf4 a6 10. Rb1 Nc6 11. a3 e5 12. Bd2 Ne7 13. b4 cxb4 14. axb4 d5 15. Ne1
Qd7 16. cxd5 Nf7 17. e4 Nd6 18. Na4 Qb5 19. Nc3 Qd7 20. Na4 Qb5 21. Be3 Nec8
22. Qb3 Kh8 23. Nc2 f5 24. Na3 Qd7 25. Nxb6 Nxb6 26. Bxb6 Qe7 27. Bc5 Qd7 28.
Nc4 1-0

[Event "Tradewise Gibraltar Masters 16th"]
[Site "Gibraltar"]
[Date "2018.01.31"]
[Round "9.123"]
[White "Arroyo Rodriguez, Jesus"]
[Black "Mayank, Pal"]
[Result "1/2-1/2"]
[WhiteElo "2057"]
[BlackElo "1834"]
[PlyCount "60"]
[EventDate "2018.01.23"]
[EventType "swiss"]
[EventRounds "10"]
[EventCountry "GGB"]
[SourceTitle "BritBase"]
[Source "www.saund.co.uk"]
[SourceDate "2018.02.10"]
[SourceVersion "1"]
[SourceVersionDate "2018.02.10"]
[SourceQuality "1"]

1. d4 d5 2. e3 c5 3. c3 Nf6 4. dxc5 e5 5. b4 a5 6. a3 axb4 7. cxb4 b6 8. Bb5+
Bd7 9. c6 Nxc6 10. Bb2 Bd6 11. Nf3 Qe7 12. O-O O-O 13. Nc3 e4 14. Nxd5 Nxd5 15.
Qxd5 exf3 16. Bxc6 Bxc6 17. Qxc6 fxg2 18. Rfd1 Rad8 19. Qxg2 Be5 20. Bxe5 Qxe5
21. Qc6 Qh5 22. Rd6 Qg4+ 23. Kh1 Qe2 24. Kg2 Qg4+ 25. Kf1 Qh3+ 26. Ke1 Qxh2 27.
Rad1 Qg1+ 28. Ke2 Qg4+ 29. Ke1 Qg1+ 30. Ke2 Qg4+ 1/2-1/2

[Event "Tradewise Gibraltar Masters 16th"]
[Site "Gibraltar"]
[Date "2018.01.31"]
[Round "9.124"]
[White "Marder, Simon"]
[Black "Gillis Onieva, Celia"]
[Result "1-0"]
[WhiteElo "2054"]
[BlackElo "1848"]
[PlyCount "49"]
[EventDate "2018.01.23"]
[EventType "swiss"]
[EventRounds "10"]
[EventCountry "GGB"]
[SourceTitle "BritBase"]
[Source "www.saund.co.uk"]
[SourceDate "2018.02.10"]
[SourceVersion "1"]
[SourceVersionDate "2018.02.10"]
[SourceQuality "1"]

1. e4 e6 2. b3 d5 3. Bb2 Nf6 4. e5 Nfd7 5. f4 c5 6. Qg4 Nc6 7. Nf3 a6 8. Be2 b5
9. O-O Nb6 10. d4 h5 11. Qg3 Rh6 12. Kh1 Bb7 13. dxc5 Rg6 14. Ng5 h4 15. Qf2
Nd7 16. Bh5 Bxc5 17. Qxh4 Rh6 18. Bxf7+ Kf8 19. Qg4 Qe7 20. Bxe6 Nf6 21. exf6
gxf6 22. Nd2 Nd4 23. Bxd4 Bxd4 24. Ngf3 Qh7 25. Nxd4 1-0

[Event "Tradewise Gibraltar Masters 16th"]
[Site "Gibraltar"]
[Date "2018.01.31"]
[Round "9.125"]
[White "Makka, Ioulia"]
[Black "Gravett, Alan D"]
[Result "1-0"]
[WhiteElo "2167"]
[BlackElo "1825"]
[PlyCount "71"]
[EventDate "2018.01.23"]
[EventType "swiss"]
[EventRounds "10"]
[EventCountry "GGB"]
[SourceTitle "BritBase"]
[Source "www.saund.co.uk"]
[SourceDate "2018.02.10"]
[SourceVersion "1"]
[SourceVersionDate "2018.02.10"]
[SourceQuality "1"]

1. e4 g6 2. d4 Bg7 3. Nc3 d6 4. Be3 c6 5. h3 Nf6 6. Nf3 O-O 7. Qd2 e5 8. O-O-O
Qc7 9. Bh6 Nbd7 10. dxe5 dxe5 11. Nh2 Nc5 12. f3 Be6 13. Bxg7 Kxg7 14. Ng4 Nxg4
15. hxg4 f6 16. Qh6+ Kg8 17. g5 fxg5 18. Qxg5 Rad8 19. Be2 Rxd1+ 20. Rxd1 Qg7
21. b4 Nd7 22. Rd6 h6 23. Qd2 Qe7 24. Nd1 Kh7 25. Bc4 Bd5 26. Rxd7 Qxd7 27.
exd5 cxd5 28. Bxd5 Rd8 29. Ne3 Kg7 30. Qc3 Qe7 31. Be4 Rd4 32. a3 Qd8 33. Bxb7
Qe7 34. Be4 h5 35. Kb2 Qe6 36. Qc5 1-0

[Event "Tradewise Gibraltar Masters 16th"]
[Site "Gibraltar"]
[Date "2018.01.31"]
[Round "9.126"]
[White "Bolt, Graham"]
[Black "Ansari, Athar"]
[Result "1-0"]
[WhiteElo "2094"]
[BlackElo "1919"]
[PlyCount "93"]
[EventDate "2018.01.23"]
[EventType "swiss"]
[EventRounds "10"]
[EventCountry "GGB"]
[SourceTitle "BritBase"]
[Source "www.saund.co.uk"]
[SourceDate "2018.02.10"]
[SourceVersion "1"]
[SourceVersionDate "2018.02.10"]
[SourceQuality "1"]

1. Nf3 d5 2. g3 Nf6 3. Bg2 Nc6 4. d3 e5 5. a3 a5 6. b3 Bf5 7. Bb2 Bd6 8. Nc3
Qd7 9. h3 O-O 10. Nb5 d4 11. Nxd6 Qxd6 12. O-O Rad8 13. Kh2 e4 14. Nh4 Qe6 15.
Nxf5 Qxf5 16. dxe4 Nxe4 17. Qd3 Rfe8 18. Rac1 Qe5 19. Bxe4 Qxe4 20. Rfe1 f5 21.
Qxe4 Rxe4 22. Kg2 Rde8 23. Kf1 f4 24. f3 R4e7 25. gxf4 Rf7 26. Rcd1 Rxf4 27.
Rd3 Re6 28. Red1 Rh4 29. Bxd4 Nxd4 30. Rxd4 Rxh3 31. Rd8+ Kf7 32. R8d7+ Re7 33.
Kg2 Rh6 34. e4 Rc6 35. R7d2 Rc3 36. Rh1 a4 37. bxa4 Rxa3 38. Rxh7 Rxa4 39. Kg3
Ra3 40. Kg4 b5 41. Rh5 c6 42. Rc5 Re6 43. Rd7+ Kf6 44. Rc7 Ra6 45. Rf5+ Kg6 46.
Rg5+ Kf6 47. Rcxg7 1-0

[Event "Tradewise Gibraltar Masters 16th"]
[Site "Gibraltar"]
[Date "2018.01.31"]
[Round "9.127"]
[White "Burke, Mitchell R"]
[Black "Bjerre, Tavs"]
[Result "1/2-1/2"]
[WhiteElo "1989"]
[BlackElo "2071"]
[PlyCount "60"]
[EventDate "2018.01.23"]
[EventType "swiss"]
[EventRounds "10"]
[EventCountry "GGB"]
[SourceTitle "BritBase"]
[Source "www.saund.co.uk"]
[SourceDate "2018.02.10"]
[SourceVersion "1"]
[SourceVersionDate "2018.02.10"]
[SourceQuality "1"]

1. e4 c5 2. Nc3 Nc6 3. f4 g6 4. Nf3 Bg7 5. Bb5 Nd4 6. O-O a6 7. Bd3 d6 8. Nxd4
cxd4 9. Ne2 Nf6 10. Kh1 e5 11. b3 O-O 12. Bb2 Bg4 13. Qe1 Re8 14. fxe5 dxe5 15.
Ng1 b5 16. Qh4 Bc8 17. a4 bxa4 18. Rxa4 Bb7 19. Qf2 Re7 20. Qe2 Qb6 21. Nf3 Qe6
22. Rc4 Qd7 23. Ba3 Ree8 24. Ng5 h6 25. Nh3 Nh5 26. Ra4 Qc6 27. Rc4 Qd7 28. Ra4
Qc6 29. Rc4 Qd7 30. Ra4 Qc6 1/2-1/2

[Event "Tradewise Gibraltar Masters 16th"]
[Site "Gibraltar"]
[Date "2018.01.31"]
[Round "9.128"]
[White "Van De Groep, William"]
[Black "Safarian, Alek"]
[Result "0-1"]
[WhiteElo "1972"]
[BlackElo "2006"]
[PlyCount "52"]
[EventDate "2018.01.23"]
[EventType "swiss"]
[EventRounds "10"]
[EventCountry "GGB"]
[SourceTitle "BritBase"]
[Source "www.saund.co.uk"]
[SourceDate "2018.02.10"]
[SourceVersion "1"]
[SourceVersionDate "2018.02.10"]
[SourceQuality "1"]

1. e4 c5 2. b3 e5 3. Bb2 d6 4. f4 Nc6 5. Bc4 Nf6 6. Nf3 exf4 7. O-O Be6 8. Qe2
Qe7 9. Na3 O-O-O 10. d4 Bxc4 11. Qxc4 d5 12. exd5 Nxd5 13. Qa4 Ne3 14. Rfe1
cxd4 15. Nb5 Qb4 16. Nxa7+ Nxa7 17. Qxa7 Bc5 18. Qa4 Qxa4 19. bxa4 Nxc2 20. Re5
b6 21. Rd1 d3+ 22. Rxc5+ bxc5 23. Ne5 Ne3 24. Rxd3 f6 25. Rc3 fxe5 26. Rxc5+
Kb7 0-1

[Event "Tradewise Gibraltar Masters 16th"]
[Site "Gibraltar"]
[Date "2018.01.31"]
[Round "9.129"]
[White "Lochte, Szilvia"]
[Black "Adewole, Adeyinka"]
[Result "1/2-1/2"]
[WhiteElo "1862"]
[BlackElo "2001"]
[PlyCount "58"]
[EventDate "2018.01.23"]
[EventType "swiss"]
[EventRounds "10"]
[EventCountry "GGB"]
[SourceTitle "BritBase"]
[Source "www.saund.co.uk"]
[SourceDate "2018.02.10"]
[SourceVersion "1"]
[SourceVersionDate "2018.02.10"]
[SourceQuality "1"]

1. d4 d5 2. Bf4 Bf5 3. e3 e6 4. Bd3 Bd6 5. Bg3 Bg6 6. Nf3 a6 7. Bxd6 Qxd6 8.
O-O Nd7 9. c4 c6 10. c5 Qc7 11. Nh4 e5 12. Nf5 e4 13. Nd6+ Kf8 14. Be2 f5 15.
f3 Ndf6 16. fxe4 fxe4 17. Nc3 Ke7 18. b4 Ne8 19. Nf5+ Bxf5 20. Rxf5 Nef6 21. a4
Nh6 22. Re5+ Kd7 23. b5 axb5 24. axb5 Rxa1 25. Qxa1 Nhg4 26. bxc6+ bxc6 27.
Nxd5 cxd5 28. Qa4+ Kd8 29. Qa8+ Qc8 1/2-1/2

[Event "Tradewise Gibraltar Masters 16th"]
[Site "Gibraltar"]
[Date "2018.01.31"]
[Round "9.130"]
[White "Dev, Shah"]
[Black "Odeh, Kenneth"]
[Result "1-0"]
[WhiteElo "1977"]
[BlackElo "1922"]
[PlyCount "107"]
[EventDate "2018.01.23"]
[EventType "swiss"]
[EventRounds "10"]
[EventCountry "GGB"]
[SourceTitle "BritBase"]
[Source "www.saund.co.uk"]
[SourceDate "2018.02.10"]
[SourceVersion "1"]
[SourceVersionDate "2018.02.10"]
[SourceQuality "1"]

1. d4 d6 2. Bf4 c6 3. Nc3 g6 4. e4 Bg7 5. Qd2 a6 6. a4 a5 7. Be3 Nf6 8. f3 Na6
9. g4 Nb4 10. Nd1 Qc7 11. c3 Na6 12. Bd3 O-O 13. Ne2 e5 14. Nf2 exd4 15. Nxd4
Nd7 16. Bh6 Ne5 17. Be2 Nc5 18. Rg1 Be6 19. Bxg7 Kxg7 20. f4 Ned7 21. f5 Nb3
22. Qd1 Nxa1 23. fxe6 Nc5 24. Qxa1 Nxe6 25. Qd1 Nxd4 26. Qxd4+ Kg8 27. g5 c5
28. Qf6 Qd8 29. Ng4 Qxf6 30. Nxf6+ Kg7 31. Rg3 Rac8 32. Rd3 Rc6 33. Bf3 c4 34.
Rd4 Rh8 35. e5 dxe5 36. Rd7 Rb6 37. Bd5 Rf8 38. Re7 Rd6 39. Rxb7 h6 40. h4 hxg5
41. hxg5 e4 42. Bxc4 e3 43. Bxf7 Rxf6 44. Bd5+ Kh8 45. gxf6 Rxf6 46. Ke2 g5 47.
Kxe3 g4 48. c4 g3 49. c5 Rf5 50. c6 Re5+ 51. Kf4 Re8 52. c7 g2 53. Bxg2 Rf8+
54. Ke5 1-0